000 004600000a22001810004500
003 MACL
005 20151227125630.0
008 151227b xxu||||| |||| 00| 0 eng d
040 _aMACL
_cMACL
041 _aEnglish
082 _a020/GUJ
100 _aGujrati, B S
_923105
245 _aLibrary organization And its Development In Indian
260 _bHemkunt Press
350 _a20
650 _aLibrary & information
_923132
942 _cBK
_k020/Guj
_2ddc
999 _c34505
_d34505